000 00305nam a2200097Ia 4500
008 220204s9999 xx 000 0 und d
082 _a581.1(031)
_bENC.9
245 0 _aEncyclopedia of plant physiology. New Series. V 9. Hormonal regulation of development. I
260 _aBerlin
_bSpringer
_c1980
942 _cBK
999 _c36585
_d36585